[Event "Karl Mala Memorial op 10th"]
[Site "Griesheim"]
[Date "2006.07.23"]
[Round "7"]
[White "Hilbenz, Guntram"]
[Black "Sauer, Bruno"]
[Result "0-1"]
[WhiteElo "2027"]
[BlackElo "1877"]
[PlyCount "48"]
[EventDate "2006.07.20"]
[EventType "swiss"]
[EventRounds "7"]
[EventCountry "GER"]
[SourceTitle "CBM 113 Extra"]
[Source "ChessBase"]
[SourceDate "2006.09.14"]
[SourceVersion "1"]
[SourceVersionDate "2006.09.14"]
[SourceQuality "1"]

1. c4 e6 2. g3 b6 3. Bg2 d5 4. d4 Bb7 5. Nf3 Nf6 6. 0-0 dxc4 7. Qa4+ Nbd7 8. Qxc4 Be7 9. Nc3 0-0 10. Rd1 Qc8 11. Bf4 c5 12. Rac1 Nd5 13. Qd3 Nxf4 14. gxf4 Rd8 15. d5 Nf6 16. Ne5 Nxd5 17. Nxd5 Bxd5 18. Qb5 Bxg2 19. Rxd8+ Qxd8 20. Kxg2 Bf6 21. Nd3 Qd5+ 22. Kg3 Qxa2 23. b4 Qxe2 24. bxc5 Rd8 0-1

[Event "Karl Mala Memorial op 10th"]
[Site "Griesheim"]
[Date "2006.07.20"]
[Round "1"]
[White "Drill, Frank J"]
[Black "Sauer, Bruno"]
[Result "1/2-1/2"]
[WhiteElo "2175"]
[BlackElo "1877"]
[PlyCount "76"]
[EventDate "2006.07.20"]
[EventType "swiss"]
[EventRounds "7"]
[EventCountry "GER"]
[SourceTitle "CBM 113 Extra"]
[Source "ChessBase"]
[SourceDate "2006.09.14"]
[SourceVersion "1"]
[SourceVersionDate "2006.09.14"]
[SourceQuality "1"]

1. d4 Nf6 2. Nc3 d5 3. e4 dxe4 4. f3 exf3 5. Nxf3 Bf5 6. Ne5 e6 7. g4 Bg6 8. Qf3 c6 9. g5 Nd5 10. Bd3 Qc7 11. 0-0 Bd6 12. Bxg6 fxg6 13. Qh3 Bxe5 14. Qxe6+ Qe7 15. Qc8+ Qd8 16. Qxd8+ Kxd8 17. dxe5 Nxc3 18. bxc3 Re8 19. Rf7 Re7 20. e6 c5 21. Be3 b6 22. Raf1 Rxe6 23. Rf8+ Re8 24. R1f7 Nd7 25. Rxe8+ Kxe8 26. Rxg7 Nf8 27. Bf4 Rd8 28. Rxa7 Rd1+ 29. Kf2 Nd7 30. Ke2 Rd5 31. c4 Rd4 32. Ke3 Rxc4 33. Ra8+ Kf7 34. Rh8 Rxc2 35. Rxh7+ Ke6 36. Rg7 Ne5 37. Bxe5 Kxe5 38. Rxg6 Rxh2 1/2-1/2